<?xml version="1.0" encoding="UTF-8"?>
<record
    xmlns:xsi="http://www.w3.org/2001/XMLSchema-instance"
    xsi:schemaLocation="http://www.loc.gov/MARC21/slim http://www.loc.gov/standards/marcxml/schema/MARC21slim.xsd"
    xmlns="http://www.loc.gov/MARC21/slim">

  <leader>01061nam a22002057a 4500</leader>
  <controlfield tag="008">130905s2007    SP ||||| |||| 00| 0 spa d</controlfield>
  <datafield tag="020" ind1=" " ind2=" ">
    <subfield code="a">9788480196987</subfield>
  </datafield>
  <datafield tag="050" ind1=" " ind2=" ">
    <subfield code="a">GV942.4 A72 2007</subfield>
  </datafield>
  <datafield tag="100" ind1="1" ind2=" ">
    <subfield code="a">Ard&#xE1; Su&#xE1;rez, Toni.</subfield>
    <subfield code="e">autor</subfield>
  </datafield>
  <datafield tag="245" ind1="0" ind2="0">
    <subfield code="a">F&#xFA;tbol: </subfield>
    <subfield code="b">metodolog&#xED;a de la ense&#xF1;anza del f&#xFA;tbol/ </subfield>
    <subfield code="c">Toni Ard&#xE1; Su&#xE1;rez, Claudio A. Casal Sanjurjo.</subfield>
  </datafield>
  <datafield tag="260" ind1=" " ind2=" ">
    <subfield code="a">Espa&#xF1;a: Barcelona: </subfield>
    <subfield code="b">Paidotribo, </subfield>
    <subfield code="c">2007.</subfield>
  </datafield>
  <datafield tag="300" ind1=" " ind2=" ">
    <subfield code="a">336 p.; </subfield>
    <subfield code="c">22 cm.</subfield>
  </datafield>
  <datafield tag="490" ind1=" " ind2=" ">
    <subfield code="a">Colecci&#xF3;n f&#xFA;tbol</subfield>
  </datafield>
  <datafield tag="500" ind1=" " ind2=" ">
    <subfield code="a">Bibliograf&#xED;a b&#xE1;sica
Preparatoria/ Educaci&#xF3;n f&#xED;sica (1410)</subfield>
  </datafield>
  <datafield tag="500" ind1=" " ind2=" ">
    <subfield code="a">Incluye bibliograf&#xED;a</subfield>
  </datafield>
  <datafield tag="505" ind1=" " ind2=" ">
    <subfield code="a">El f&#xFA;tbol como juego deportivo colectivo. Origen; la organizaci&#xF3;n del juego en el f&#xFA;tbol; la organizaci&#xF3;n del juego en el f&#xFA;tbol a 5 (f&#xFA;tbol sala); la organizaci&#xF3;n del juego en el f&#xFA;tbol a 7; la ense&#xF1;anza del f&#xFA;tbol; modelo de aplicaci&#xF3;n pr&#xE1;ctica del proceso de ense&#xF1;anza; la tarea y la sesi&#xF3;n; metodolog&#xED;a b&#xE1;sica de observaci&#xF3;n en f&#xFA;tbol.</subfield>
  </datafield>
  <datafield tag="650" ind1="1" ind2=" ">
    <subfield code="a">F&#xFA;tbol</subfield>
    <subfield code="x">Ense&#xF1;anza</subfield>
  </datafield>
  <datafield tag="700" ind1="1" ind2=" ">
    <subfield code="a">Casal Sanjurjo, Claudio A.</subfield>
    <subfield code="e">Coaut.</subfield>
  </datafield>
  <datafield tag="942" ind1=" " ind2=" ">
    <subfield code="2">lcc</subfield>
    <subfield code="c">LB</subfield>
  </datafield>
  <datafield tag="952" ind1=" " ind2=" ">
    <subfield code="0">0</subfield>
    <subfield code="1">0</subfield>
    <subfield code="2">lcc</subfield>
    <subfield code="4">0</subfield>
    <subfield code="7">0</subfield>
    <subfield code="a">04</subfield>
    <subfield code="b">04</subfield>
    <subfield code="d">2013-09-05</subfield>
    <subfield code="l">0</subfield>
    <subfield code="o">GV942.4 a72 2007</subfield>
    <subfield code="p">05 001471</subfield>
    <subfield code="r">2023-02-14</subfield>
    <subfield code="t">3</subfield>
    <subfield code="w">2013-09-05</subfield>
    <subfield code="y">LB</subfield>
  </datafield>
  <datafield tag="952" ind1=" " ind2=" ">
    <subfield code="0">0</subfield>
    <subfield code="1">0</subfield>
    <subfield code="2">lcc</subfield>
    <subfield code="4">0</subfield>
    <subfield code="7">0</subfield>
    <subfield code="a">04</subfield>
    <subfield code="b">04</subfield>
    <subfield code="d">2013-09-05</subfield>
    <subfield code="l">0</subfield>
    <subfield code="o">GV942.4 a72 2007</subfield>
    <subfield code="p">05 001472</subfield>
    <subfield code="r">2023-02-14</subfield>
    <subfield code="t">4</subfield>
    <subfield code="w">2013-09-05</subfield>
    <subfield code="y">LB</subfield>
  </datafield>
  <datafield tag="952" ind1=" " ind2=" ">
    <subfield code="0">0</subfield>
    <subfield code="1">0</subfield>
    <subfield code="2">lcc</subfield>
    <subfield code="4">0</subfield>
    <subfield code="7">0</subfield>
    <subfield code="a">04</subfield>
    <subfield code="b">04</subfield>
    <subfield code="d">2013-09-05</subfield>
    <subfield code="l">1</subfield>
    <subfield code="o">GV942.4 a72 2007</subfield>
    <subfield code="p">05 001473</subfield>
    <subfield code="r">2023-02-14</subfield>
    <subfield code="s">2017-05-03</subfield>
    <subfield code="t">5</subfield>
    <subfield code="w">2013-09-05</subfield>
    <subfield code="y">LB</subfield>
  </datafield>
  <datafield tag="999" ind1=" " ind2=" ">
    <subfield code="c">90726</subfield>
    <subfield code="d">90726</subfield>
  </datafield>
</record>
